| 000 | 00506cam a2200193ua 4500 | ||
|---|---|---|---|
| 020 |
_a81 204 0088 7 _c126.00 |
||
| 041 |
_aeng _h |
||
| 082 |
_a631.072 _bDES/AG |
||
| 100 | _aDesai, D K . | ||
| 245 |
_aAgricultural research management / _cD K Desai. _hTextual Documents |
||
| 250 |
_a1 / _b. |
||
| 260 |
_aNew Delhi : _bOxford & IBH Publishing company , _c1986. |
||
| 300 | _a212 ; . | ||
| 365 | _a126.00 | ||
| 504 | _a | ||
| 700 | 1 | _aPatel, N T . | |
| 942 | _cBK | ||
| 999 |
_c9481 _d9481 |
||